000 00814nam a22002297a 4500
999 _c2887
_d2887
003 AR-CdUCM
008 190227b ||||| |||| 00| 0 spa d
040 _aMUNICIPALIDAD PROVINCIAL DEL CUSCO
_cBIBLIOTECA MUNICIPAL DEL CUSCO
082 _a851.9 /
_bF76
100 _aForesta, Gaetano
_99959
245 _aPoesía italiana contemporánea /
_cGaetano Foresta
260 _aLima :
_bUniversidad Nacional Mayor de San Marcos,
_c1966.
300 _a79 páginas ;
_c22 cm.
500 _aNotas: Separata de la Universidad y el Pueblo, segunda época, t. IV, 1966.
650 _aPoesía italiana
_99960
650 _aHistoria y crítica
_95993
650 _aPoetas italianos
_99961
650 _aSiglo XX
_98
710 _aUniversidad Nacional Mayor de San Marcos (Lima)
_99962
942 _2ddc
_cLIBROS
945 _arac